000 00534nam a2200193Ia 4500
003 OSt
005 20220926032548.0
006 a|||||r|||| 00| 0
007 ta
008 220923b |||||||| |||| 00| 0 eng d
037 _cGeneral Book
040 _aRTL
_cRTL
_beng
041 _2eng
_aeng
082 _aE.211sN, N9.2TIR
245 0 _aGAZETTEERS OF TAMIL NADU TIRUCHIRAPPALLI DISTRICT
260 _aTamil Nadu
_bGovt. Press
_c1999
942 _hE.211sN, N9.2TIR
_cGB
_2CC
999 _c654999
_d654999